000 00551nam a2200217 a 4500
999 _c6217
_d6217
001 6217
003 BD-JhCC
005 20180117095710.0
008 180117s19851994bg |||| || | 000 0 eng d
035 _a(BD-JhCC)6217
040 _aBD-JhCC
_dBD-JhCC
041 _aeng
082 _a512
_bRAH 1994
100 _aRahman, Md. Abdur
245 _aCollege Linear Algebra /
_cMd. Abdur Rahman,
260 _aDhaka :
_bNahar Book Depot & Publications,
_c1994
300 _aiv 451 p. :
_c20 cm.
650 _aAlgebra
942 _2ddc
_cBK